Wild Cat Species of the World - Statistics

General Stats
  • This quiz has been taken 134 times
  • The average score is 18 of 39
Answer Stats
Answer % Correct
Tiger
100%
Lion
99%
Cheetah
95%
Jaguar
94%
Leopard
94%
Leopard cat
94%
Cougar
91%
Bobcat
81%
Snow leopard
75%
Ocelot
71%
Caracal
64%
Serval
62%
Clouded leopard
60%
Sand cat
56%
Eurasian lynx
49%
Fishing cat
49%
Canadian lynx
43%
Pallas's cat
42%
Iberian lynx
40%
African wildcat
38%
Margay
36%
European wildcat
32%
Rusty-spotted cat
32%
Jungle cat
29%
Black footed cat
27%
Sunda clouded leopard
25%
African golden cat
23%
Geoffroy's cat
22%
Asian golden cat
21%
Bay cat
21%
Chinese mountain cat
19%
Flat-headed cat
18%
Pampas cat
18%
Andean mountain cat
17%
Kodkod
17%
Oncilla
17%
Marbled cat
14%
Sunda leopard cat
12%
Southern tigrina
8%
No matching quizzes found
Score Distribution
Percent of People with Each Score
Percentile by Number Answered
Your Score History
You have not taken this quiz